LEADER 03275 am 2200757 n 450 001 9910313031103321 005 20180920 010 $a979-1-03-000383-3 024 7 $a10.4000/books.pub.1466 035 $a(CKB)4100000007810482 035 $a(FrMaCLE)OB-pub-1466 035 $a(oapen)https://directory.doabooks.org/handle/20.500.12854/52378 035 $a(PPN)235360341 035 $a(EXLCZ)994100000007810482 100 $a20190307j|||||||| ||| 0 101 0 $afre 135 $auu||||||m|||| 181 $ctxt$2rdacontent 182 $cc$2rdamedia 183 $acr$2rdacarrier 200 12$aL?Homme face aux crues et aux inondations /$fJean-Noël Salomon 210 $aPessac $cPresses Universitaires de Bordeaux$d2018 215 $a1 online resource (140 p.) 311 $a2-86781-199-6 330 $aLes dégâts provoqués par les crues et les inondations n'ont cessé d'augmenter ces dernières décennies. Le nombre de personnes affectées par ces catastrophes croît plus vite que le taux de croissance démographique. Dix pour cent de la population française et pas moins de 300 agglomérations sont directement concernés. Après les scientifiques, les compagnies d'assurance, puis les pouvoirs publics prennent conscience des coûts induits par ces risques naturels, et de la nécessité d'une politique d'aménagement qui leur soit mieux adaptée. Cela réclame en premier lieu une meilleure compréhension des phénomènes incriminés. Dans cette étude, l'auteur s'attache à montrer les causes et les effets engendrés par les crues et les inondations ; il analyse aussi les moyens par lesquels l'homme s'efforce de lutter contre ce qu'on a trop tendance à considérer comme un fléau ?imprévisible... Loin d'approuver les politiques de contrainte de la nature, préconisées la plupart du temps par les ingénieurs, notamment au niveau des seuls lits fluviaux, Jean-Noël Salomon souhaite démontrer qu'une approche « naturaliste » globale, menée au niveau du bassin versant dans son entier et sur le long terme, servirait mieux riverains et contribuables. 606 $aGeography 606 $aenvironnement 606 $agéographie 606 $aclimat 606 $ahydrologie 606 $aérosion 606 $agéosystème 606 $ainondation 606 $ahydrographie 606 $ainteraction homme/milieu 606 $acrue 606 $asociété 610 $agéographie 610 $asociété 610 $acrue 610 $aclimat 610 $agéosystème 610 $ainteraction homme/milieu 610 $ahydrologie 610 $aenvironnement 610 $aérosion 610 $ainondation 610 $ahydrographie 615 4$aGeography 615 4$aenvironnement 615 4$agéographie 615 4$aclimat 615 4$ahydrologie 615 4$aérosion 615 4$agéosystème 615 4$ainondation 615 4$ahydrographie 615 4$ainteraction homme/milieu 615 4$acrue 615 4$asociété 700 $aSalomon$b Jean-Noël$01238366 801 0$bFR-FrMaCLE 906 $aBOOK 912 $a9910313031103321 996 $aL?Homme face aux crues et aux inondations$93021483 997 $aUNINA LEADER 03585 am 2200685 n 450 001 9910495915703321 005 20240104030734.0 010 $a979-1-03-000556-1 024 7 $a10.4000/books.pub.30146 035 $a(CKB)5590000000431839 035 $a(FrMaCLE)OB-pub-30146 035 $a(PPN)253362806 035 $a(EXLCZ)995590000000431839 100 $a20210113j|||||||| ||| 0 101 0 $afre 135 $auu||||||m|||| 200 00$aDes usages aux pratiques : le Web a-t-il un sens ?$fPierre-Michel Riccio, Geneviève Vidal, Roger Bautier 210 $aPessac$cPresses Universitaires de Bordeaux$d2020 215 $a1 online resource (188 p.) 311 $a979-1-03-000081-8 330 $aCet ouvrage, issu des travaux du groupe TIC-IS de la Société Française des Sciences de l?Information et de la Communication, a pour objectif de mettre en évidence de nouvelles approches avec les théories des systèmes, de la non-linéarité et de la complexité, afin d?appréhender plus facilement le développement d?Internet et des réseaux numériques. En effet, l?extraordinaire développement de ces réseaux est marqué par un double mouvement d?expansion et de fragmentation Les relations entre acteurs évaluent, et s?il est aujourd?hui facile et rapide d?accéder à un large ensemble d?informations, le niveau de qualité des données « disponibles » est inégal. L?ambition de ce volume est d?approfondir la réflexion autour de plusieurs perspectives : comment les informations naissent-elles et circulent-elles ? Comment les réseaux évoluent-ils ? Quelles interactions pour favoriser les stratégies économiques, territoriales et/ou professionnelles ? Quelles pratiques et/ou usages pour favoriser l?émergence de projets durables ? Comment mettre en place une construction collective des connaissances ? Les textes réunis témoignent des enjeux de la recherche sur le numérique en sciences de l?information et de la communication : quelles directions ? quelles significations ? Le Web a-t-il un sens ? 517 $aDes usages aux pratiques  517 $aUsages aux pratiques 606 $aLibrary, Information & Communication sciences 606 $ausage 606 $aévolution 606 $astratégie 606 $aréseaux numériques 606 $asystème 615 4$aLibrary, Information & Communication sciences 615 4$ausage 615 4$aévolution 615 4$astratégie 615 4$aréseaux numériques 615 4$asystème 700 $aAgostinelli$b Serge$01292831 701 $aBautier$b Roger$01312598 701 $aBonnet$b Daniel$01456228 701 $aChoquet$b Isabelle$01292949 701 $aCommandré$b Monique$01456229 701 $aCornet$b Marianne$01456230 701 $aDomenget$b Jean-Claude$01300315 701 $aGreffier$b Françoise$01456231 701 $aHadid$b Sabrina$01456232 701 $aJulia$b Jean-Thierry$01456233 701 $aMarouki$b Maryem$01456234 701 $aMenon$b Bruno$01456235 701 $aPin$b Didier$01456236 701 $aPinède$b Nathalie$01297506 701 $aRapièra$b Sandrine$01456237 701 $aReymond$b David$01456238 701 $aRiccio$b Pierre-Michel$0984375 701 $aSzilagyi$b Ioan$01456239 701 $aVidal$b Geneviève$01289158 701 $aVieira$b Lise$01456240 801 0$bFR-FrMaCLE 906 $aBOOK 912 $a9910495915703321 996 $aDes usages aux pratiques : le Web a-t-il un sens$93657581 997 $aUNINA